ბათუმის შოთა რუსთაველის სახელმწიფო უნივერსიტეტის ბიბლიოთეკა

ლითონთა ტექნოლოგია და საკონსტრუქციო მასალები (ბიბ.ჩანაწერი № 35398)

000 -LEADER
fixed length control field 00843nam a2200217Ia 4500
001 - CONTROL NUMBER
control field 1251
003 - CONTROL NUMBER IDENTIFIER
control field GE_BSU
008 - FIXED-LENGTH DATA ELEMENTS--GENERAL INFORMATION
fixed length control field 181216s||||||||xx |||||||||||||| ||und||
040 ## - CATALOGING SOURCE
Transcribing agency GE_BSU
080 ## - UNIVERSAL DECIMAL CLASSIFICATION NUMBER
Universal Decimal Classification number 669.01(075.3)
100 ## - MAIN ENTRY--PERSONAL NAME
Personal name ჯუღელი, კ. კეჩხუაშვილი, ა;
245 ## - TITLE STATEMENT
Title ლითონთა ტექნოლოგია და საკონსტრუქციო მასალები
245 ## - TITLE STATEMENT
Remainder of title სახელმძღვ. სოფლ. მეურნ. მექანიზაციის ტექნიკუმებისათვის
260 ## - PUBLICATION, DISTRIBUTION, ETC.
Place of publication, distribution, etc. თბილისი
260 ## - PUBLICATION, DISTRIBUTION, ETC.
Name of publisher, distributor, etc. განათლება
260 ## - PUBLICATION, DISTRIBUTION, ETC.
Date of publication, distribution, etc. 1974
300 ## - PHYSICAL DESCRIPTION
Extent 440 გვ. 21სმ.
653 ## - INDEX TERM--UNCONTROLLED
Uncontrolled term ლითონების ტექნოლოგია
942 ## - ADDED ENTRY ELEMENTS (KOHA)
Koha item type წიგნი
ეგზემპლარები
Withdrawn status Lost status Damaged status Not for loan Date acquired Barcode Date last seen Price effective from Koha item type
        2018-12-17 2728 2018-12-17 2018-12-17 წიგნი